Score 0/45 Timer 08:00
5 Plays Today
Capital #1 Country % Correct
TokyoJapanama
88.8%
Kuwait CityKuwaitaly
87%
StockholmSwedenmark
86.5%
Mexico CityMexicolombia
84.8%
JerusalemIsrael Salvador
83.8%
LisbonPortugalgeria
82.8%
KievUkrainetherlands
82.4%
San MarinoSan Marinorway
81.1%
BangkokThailandorra
80.4%
SantiagoChilebanon
76.7%
LondonUnited Kingdominican Republic
75.4%
São ToméSão Tomé and Prínciperu
65.8%
HanoiVietnamibia
65.3%
NicosiaCyprussia
63.3%
Abu DhabiUnited Arab Emiratestonia
63.1%
San JoséCosta Ricanada
61.7%
BissauGuinea-Bissaudi Arabia
60.9%
HavanaCubahrain
57.4%
VallettaMaltaiwan
56.2%
NiameyNigermany
55.7%
KingstonJamaicameroon
54%
TehranIrantigua and Barbuda
51.7%
Guatemala CityGuatemalawi
48.1%
Capital #1 Country % Correct
DakarSenegalbania
47.7%
KathmanduNepalau
45.6%
Port-au-PrinceHaitimor-Leste
45%
PodgoricaMontenegromania
44.7%
RabatMoroccomoros
44%
FreetownSierra Leonew Zealand
41.6%
AntananarivoMadagascarmenia
41.4%
BamakoMaliechtenstein
39.2%
LuandaAngolaos
39.1%
AthensGreecentral African Republic
37.6%
Porto-NovoBenindia
37.1%
RoseauDominicambodia
36%
BishkekKyrgyzstanzania
33.4%
PretoriaSouth Africabo Verde
32.4%
YamoussoukroCôte d'Ivoireland
32.2%
YarenNauruguay
31.5%
OuagadougouBurkina Fasolomon Islands
29%
MaseruLesothonduras
27.9%
KotteSri Lankazakhstan
27.3%
Nuku'alofaTongabon
25.9%
NaypyidawMyanmarshall Islands
24.1%
Port VilaVanuatuvalu
23.6%

You're not logged in!

Compare scores with friends on all Sporcle quizzes.
OR
Log In

Sporcle TV

Today on Sporcle TV


Watch our educational content, quiz creation guides, and fun videos on Sporcle TV.

Show Comments

Extras

Top Quizzes Today


Score Distribution

Paid Content

Your Account Isn't Verified!

In order to create a playlist on Sporcle, you need to verify the email address you used during registration. Go to your Sporcle Settings to finish the process.

Report this User

Report this user for behavior that violates our Community Guidelines.

Details: